Measuring excessive risk - taking in banking

Použitie metódy portfóliového prístupu na vyhodnotenie optimálnej kombinácie rizika a výnosu bankového portfólia.Optimálne bankové portfólio. Nadmerné prijímanie rizika bankami. Dôležitosť finančnej stability pre hospodársky rozvoj. Stabilita bankového sektora. České banky.

Gespeichert in:
Bibliographische Detailangaben
1. Verfasser: Podpiera, Jiří
Weitere Verfasser: Weill, Laurent
Format: Buchkapitel
Sprache:Englisch
Schlagworte:
Tags: Tag hinzufügen
Keine Tags, Fügen Sie das erste Tag hinzu!

MARC

LEADER 00000naa a2200000 4500
001 0127147
005 20231010115653.0
041 0 |a eng 
044 |a CZ 
245 1 0 |a Measuring excessive risk - taking in banking  |c Jiří Podpiera, Laurent Weill 
520 |a Použitie metódy portfóliového prístupu na vyhodnotenie optimálnej kombinácie rizika a výnosu bankového portfólia.Optimálne bankové portfólio. Nadmerné prijímanie rizika bankami. Dôležitosť finančnej stability pre hospodársky rozvoj. Stabilita bankového sektora. České banky. 
610 2 0 |a banky 
610 2 0 |a riziko 
610 2 0 |a stabilita finančná 
610 2 0 |a portfólio 
610 2 0 |a meranie 
610 2 0 |a Česko 
100 1 |a Podpiera, Jiří 
700 1 |a Weill, Laurent